|
|
|
|
| LEADER |
00000naa2a2200000 4500 |
| 001 |
158785 |
| 005 |
20231031154613.0 |
| 035 |
|
|
|a (RuTPU)RU\TPU\book\172210
|
| 090 |
|
|
|a 158785
|
| 100 |
|
|
|a 20090428d2008 k y0rusy50 ca
|
| 101 |
0 |
|
|a rus
|
| 102 |
|
|
|a RU
|
| 200 |
1 |
|
|a Металлургия - как новое направление инновационно-инвестиционного развития Томской области
|f В. В. Спицин
|
| 320 |
|
|
|a Библиогр.: 3 назв.
|
| 461 |
|
1 |
|0 (RuTPU)RU\TPU\book\166087
|t Энергия молодых - экономике России
|o труды IX Международной научно-практической конференции студентов и молодых ученых, г. Томск, 19-22 мая 2008 г.
|f Томский политехнический университет (ТПУ) ; Вольное экономическое общество России ; Международный союз экономистов (МСЭ)
|d 2008
|
| 463 |
|
0 |
|0 (RuTPU)RU\TPU\book\164801
|t Ч. 1
|v С. 284-286
|d 2008
|
| 610 |
1 |
|
|a металлургическая промышленность
|
| 610 |
1 |
|
|a Томская область
|
| 610 |
1 |
|
|a металлические руды
|
| 610 |
1 |
|
|a железная руда
|
| 610 |
1 |
|
|a инновационное развитие
|
| 610 |
1 |
|
|a полезные ископаемые
|
| 610 |
1 |
|
|a инвестиции
|
| 610 |
1 |
|
|a труды учёных ТПУ
|
| 700 |
|
1 |
|a Спицин
|b В. В.
|
| 801 |
|
1 |
|a RU
|b 63413507
|c 20090428
|g PSBO
|
| 801 |
|
2 |
|a RU
|b 63413507
|c 20161121
|g RCR
|
| 942 |
|
|
|c BK
|